| 000 | 00801nam a2200253 i 4500 | ||
|---|---|---|---|
| 001 | 14722 | ||
| 003 | ES-MaACL | ||
| 005 | 20250822024222.0 | ||
| 007 | t| | ||
| 008 | 990527s1999 sp ||||1| spa d | ||
| 020 | _a84-95287-00-5 | ||
| 080 | _a616.89 | ||
| 100 | 1 |
_aPolo, Cándido. _992855 |
|
| 245 | 1 | 0 |
_aCrónica del manicomio : _bprensa, locura y sociedad / _cCándido Polo. |
| 260 |
_aMadrid : _bAsociación Española de Neuropsiquiatría, _c1999. |
||
| 300 |
_a334 p. ; _c21 cm. |
||
| 490 | 1 |
_aEstudios ; _v22 |
|
| 650 | 7 |
_aAsistencia psiquiátrica- _zEspaña _2 _9154388 |
|
| 650 | 7 |
_aPsiquiatría _2embne _916586 |
|
| 710 | 2 |
_aAsociación Española de Neuropsiquiatría. _91677 |
|
| 830 | 1 |
_aEstudios ; _v22 _9177349 |
|
| 852 |
_aES-MaACL _jL-21947 |
||
| 999 |
_c14722 _d14722 |
||